000 00795nam2a22002291 4500
001 RU\NLR\A1SV\126386
005 20251214192129.0
035 _a(NLR Aleph) 010447021
090 _a13489922
_c13489922
100 _a20140508d1918 u y0rusy50 ca
101 0 _arus
200 1 _aБорьба миров
_fПер. К.К.Толстого
210 _aПг.
_c5-я Гос. тип. (бывш. П.П.Сойкина)
215 _a64 с.
461 1 _1001RU\NLR\A1SV\126384
_12000#$vКн.2
_99912259
_aУэллс, Г. Д. (1866-1946)
_cПг.
_d1918
_nТип. П.П.Сойкина
_tСобрание сочинений Герберта Уэльса
_vКн.2
702 1 _aТолстой
_bК.К.
801 0 _aRU
_bNLR
_c20140508
852 _aNLR
942 _cBOOK
980 _aA1SV
980 _aNB